000
00251nam a22001097a 4500
082
_a
620.135 CEM'S
100
_a
STANDAGE, H. C
_9
58416
245
_a
CEMENTS PASTES GLUES AND GUMS
260
_a
LONDON
_b
TECHNICAL
_c
1942
300
_a
164P
942
_c
BK
999
_c
568615
_d
568615